| 000 | 00402nam a2200157Ia 4500 | ||
|---|---|---|---|
| 005 | 20250704032629.0 | ||
| 008 | 240331s9999 xx 000 0 und d | ||
| 020 | _a9552105447 | ||
| 082 |
_bWIJ _a954 |
||
| 100 | _aWijesuriya,S | ||
| 245 | 0 | _aSinhala maha wanshaya | |
| 260 |
_aNugegoda _bM.D.Gunsena Book & Co _c1991 |
||
| 300 | _a98 p ., | ||
| 500 | _aA book of Sinhala Mahavamsa Summary | ||
| 942 | _cL | ||
| 999 |
_c5297 _d5297 |
||